000 00512nam a2200169 4500
001 108801
003 ES-MaACL
005 20230906184718.0
007 t|
008 061121s1972 sp r ||||1| spa d
100 1 _aMourelle de Lema, Manuel.
_983896
245 1 3 _aLa lingüística, antes y despúes de Saussure /
_cManuel Mourelle de Lema.
260 _aMadrid :
_bDiana,
_c1972.
300 _a4 h. ;
_c23 cm.
500 _aEs tirada aparte de `Arbor`, 1972, Marzo.
852 _aES-MaACL
_j2083-F-2
_bR.82509
999 _c108801
_d108801